000
00299nam a22001337a 4500
003
SGT
082
_a
370.954,SHA
100
_a
SHARMA,RAJANI
245
_a
CONTEMPORARY INDIA AND EDUCATION
260
_a
SHIKSHA PRAKASHAN PUB.
_c
2016
300
_a
200
650
_a
EDUCATION
942
_2
ddc
_c
GF BOOKS
999
_c
34615
_d
34615